000 00538nam a2200181 4500
001 118711
003 ES-MaACL
005 20230906191147.0
007 t|
008 070214s1967 sp r ||||1| spa d
100 1 _aPérez-Bustamante, Ciriaco,
_d1896-1975
_990682
245 1 0 _aCompendio de Historia Universal /
_cCiriaco Pérez Bustamente.
250 _a12ª ed. correg. y aum.
260 _aMadrid :
_bAtlas,
_c1967.
300 _a546 p. :
_bil ;
_c24 cm.
852 _aES-MaACL
_jC-33123
_bR.64037
999 _c118711
_d118711